000 00320nam a2200133Ia 4500
005 20251222154430.0
008 251222s9999||||xx |||||||||||||| ||spa||
020 _a8425416663
082 _a150.193/P71/Ej.2
100 _aPoch i Bullich, Joaquim
245 0 _aPsicología Dinámica:
264 _bHerder
942 _cLIB
999 _c36363
_d36363